00548nam a2200181 i 4500001000700000003000900007005001700016007000300033008004100036080002100077100001800098245006700116260006600183300004000249490002800289830002800317852002100345132903ES-MaACL20230906194256.0t|070214n19001990fr r ||||1| fre d a821.133.1-31"19"1 aRosny, J. -H.14aLes Rafales b: roman de moeurs bourgeoises.. / cJ.-H. Rosny. aParis : bSocieté des Publications Industrielles, c[19__?] a246 p., [1] h. de lám. ; c19 cm.1 aLes maitres de la plume0 aLes maitres de la plume aES-MaACLjA-3936